[Event "ISR-chT"]
[Site "Israel"]
[Date "2015.03.20"]
[Round "7.3"]
[White "Birnboim, Nathan"]
[Black "Bruk, Ofer"]
[Result "0-1"]
[WhiteElo "2336"]
[BlackElo "2430"]
[PlyCount "74"]
[EventDate "2015.01.09"]
[EventType "team-tourn"]
[EventRounds "11"]
[EventCountry "ISR"]
[SourceTitle "EXT 2016"]
[Source "ChessBase"]
[SourceDate "2015.10.08"]
[SourceVersion "1"]
[SourceVersionDate "2015.10.08"]
[SourceQuality "1"]
[WhiteTeam "Porat Mathematics"]
[BlackTeam "Tel Aviv Shlomo Har Zvi"]
[WhiteTeamCountry "ISR"]
[BlackTeamCountry "ISR"]

1. e4 e6 2. d3 d5 3. Nd2 dxe4 4. dxe4 Bc5 5. Ngf3 Nf6 6. Bd3 Nc6 7. a3 Ng4 8. 0-0 Nce5 9. Nxe5 Nxe5 10. Be2 0-0 11. b4 Bd4 12. Rb1 b6 13. Rb3 Ng6 14. Nc4 Bf6 15. Rd3 Qe8 16. f4 Ba6 17. e5 Be7 18. Rh3 Qc6 19. Nb2 Rfd8 20. Nd3 Qc4 21. Rf2 c5 22. Bf1 Qe4 23. Qh5 h6 24. f5 exf5 25. Rxf5 Bc8 26. g4 Bxf5 27. gxf5 Nxe5 28. Re3 Qg4+ 29. Qxg4 Nxg4 30. Rxe7 cxb4 31. axb4 Rac8 32. h3 Nf6 33. Bb2 Nd5 34. Re2 Rc4 35. b5 Nc3 36. Rg2 Rcc8 37. Nb4 Rc5 0-1

[Event "ISR-chT 08"]
[Site "Israel"]
[Date "2008.05.30"]
[Round "11.2"]
[White "Lerner, Konstantin Z"]
[Black "Bruk, Ofer"]
[Result "1/2-1/2"]
[WhiteElo "2513"]
[BlackElo "2468"]
[PlyCount "67"]
[EventDate "2007.12.26"]
[EventType "team-tourn"]
[EventRounds "11"]
[EventCountry "ISR"]
[SourceTitle "EXT 2009"]
[Source "ChessBase"]
[SourceDate "2008.11.26"]
[SourceVersion "1"]
[SourceVersionDate "2008.11.26"]
[SourceQuality "1"]
[WhiteTeam "Kefar Sava Hapoel"]
[BlackTeam "Holon Hapoel"]
[WhiteTeamCountry "ISR"]
[BlackTeamCountry "ISR"]

1. d4 Nf6 2. c4 e6 3. Nc3 d5 4. Bg5 Nbd7 5. e3 c6 6. Nf3 Qa5 7. cxd5 Nxd5 8. Qd2 h6 9. Bh4 Bb4 10. Rc1 0-0 11. a3 Bd6 12. Bd3 Nxc3 13. Rxc3 e5 14. Bb1 Re8 15. dxe5 Bxe5 16. Nxe5 Nxe5 17. 0-0 Ng6 18. b4 Qe5 19. Rc5 Qc7 20. Bg3 Qe7 21. e4 Rd8 22. Qe3 Qd7 23. Rc3 Qd2 24. f4 Qxe3+ 25. Rxe3 Nf8 26. f5 Re8 27. Rd3 a5 28. b5 cxb5 29. Rfd1 b4 30. axb4 axb4 31. Rd4 Bd7 32. Rxb4 Bc6 33. Kf2 Nd7 34. Rbd4 1/2-1/2

[Event "ISR-chT"]
[Site "Israel"]
[Date "2007.04.27"]
[Round "9.2"]
[White "Bruk, Ofer"]
[Black "Huzman, Alexander"]
[Result "1/2-1/2"]
[WhiteElo "2452"]
[BlackElo "2590"]
[PlyCount "34"]
[EventDate "2007.01.11"]
[EventType "team"]
[EventRounds "11"]
[EventCountry "ISR"]
[SourceTitle "EXT 2009"]
[Source "ChessBase"]
[SourceDate "2008.11.26"]
[SourceVersion "1"]
[SourceVersionDate "2008.11.26"]
[SourceQuality "1"]
[WhiteTeam "Holon Hapoel"]
[BlackTeam "Beer Sheva"]
[WhiteTeamCountry "ISR"]
[BlackTeamCountry "ISR"]

1. Nf3 g6 2. e4 Bg7 3. d4 d6 4. Bc4 c6 5. Bb3 Nf6 6. Qe2 0-0 7. 0-0 Na6 8. h3 Nc7 9. Re1 Be6 10. e5 dxe5 11. dxe5 Nd7 12. Nc3 Bxb3 13. axb3 Ne6 14. Ra4 Qc7 15. Rh4 Rfd8 16. Bh6 Bh8 17. Rg4 Ndf8 1/2-1/2

[Event "ISR-chT"]
[Site "Israel"]
[Date "2003.01.18"]
[Round "1"]
[White "Bruk, Ofer"]
[Black "Gershon, Alik"]
[Result "1/2-1/2"]
[WhiteElo "2409"]
[BlackElo "2571"]
[PlyCount "39"]
[EventDate "2003.01.??"]
[EventType "team"]
[EventRounds "11"]
[EventCountry "ISR"]
[SourceTitle "EXT 2004"]
[Source "ChessBase"]
[SourceDate "2003.11.25"]
[SourceVersion "1"]
[SourceVersionDate "2003.11.25"]
[SourceQuality "1"]

1. Nf3 c5 2. c4 Nc6 3. Nc3 e5 4. e3 Nf6 5. d4 cxd4 6. exd4 e4 7. Ne5 Bb4 8. Be2 Qa5 9. Nxc6 Bxc3+ 10. bxc3 dxc6 11. Qb3 0-0 12. 0-0 b6 13. Qb4 Qf5 14. Qd6 Qg6 15. Bf4 Bg4 16. Bxg4 Qxg4 17. Be5 Qd7 18. a4 Rfd8 19. Qxd7 Nxd7 20. Bd6 1/2-1/2

[Event "ISR-chT"]
[Site "Israel"]
[Date "2002.02.02"]
[Round "4"]
[White "Huzman, Alexander"]
[Black "Bruk, Ofer"]
[Result "1-0"]
[WhiteElo "2580"]
[BlackElo "2406"]
[PlyCount "167"]
[EventDate "2002.01.10"]
[EventType "team"]
[EventRounds "11"]
[EventCountry "ISR"]
[SourceTitle "EXT 2003"]
[Source "ChessBase"]
[SourceDate "2002.11.25"]
[SourceVersion "1"]
[SourceVersionDate "2002.11.25"]
[SourceQuality "1"]

1. d4 Nf6 2. c4 e6 3. Nf3 d5 4. g3 Bb4+ 5. Bd2 Qe7 6. Bg2 0-0 7. 0-0 dxc4 8. Qc2 Nbd7 9. Qxc4 Bxd2 10. Nbxd2 c6 11. Ne5 Rd8 12. Rfd1 Qd6 13. Ndf3 h6 14. Qb3 a5 15. a3 Qc7 16. Rac1 Nxe5 17. Nxe5 Bd7 18. e3 Be8 19. h3 Nd5 20. Nd3 Ra7 21. Nc5 Qb8 22. Rd2 Nf6 23. Rdd1 Nd7 24. Nd3 Qc7 25. Qc3 Qb6 26. Bf3 Raa8 27. Kg2 Ra7 28. Nc5 Raa8 29. Nd3 Nf6 30. Qe1 Nd7 31. Rc4 Qb5 32. Rc2 e5 33. Nc5 Nxc5 34. dxc5 Rxd1 35. Qxd1 Qb3 36. Qd2 Qe6 37. Qc3 Qe7 38. Rd2 f6 39. Rd6 Kf8 40. Qd2 e4 41. Bd1 Qe5 42. b4 axb4 43. Qxb4 Qe7 44. Bg4 Qc7 45. Bf5 Qa5 46. Bxe4 Qxb4 47. axb4 Ra4 48. Rd4 Ke7 49. Bf5 Ra8 50. g4 g6 51. Bd3 Bf7 52. Kf3 Ra3 53. h4 Rb3 54. Kg3 Rc3 55. f4 g5 56. hxg5 hxg5 57. Kf3 Be6 58. fxg5 fxg5 59. Bf5 Bd5+ 60. Ke2 Rb3 61. Bc8 Rb2+ 62. Kd3 Rb3+ 63. Kd2 Rb2+ 64. Kd1 Bf3+ 65. Kc1 Re2 66. Bxb7 Rxe3 67. Kd2 Re2+ 68. Kc3 Re3+ 69. Rd3 Rxd3+ 70. Kxd3 Bxg4 71. Bxc6 Kd8 72. b5 Bc8 73. b6 Ba6+ 74. Ke4 Be2 75. Kf5 g4 76. Kf4 Kc8 77. Be4 Kd7 78. c6+ Kd6 79. c7 Ba6 80. Kxg4 Bc8+ 81. Kf4 Ba6 82. Ke3 Kd7 83. Kd4 Kd6 84. Kc3 1-0

[Event "ISR-chT"]
[Site "Ramat Aviv"]
[Date "2000.05.05"]
[Round "10.1"]
[White "Bruk, Ofer"]
[Black "Kudischewitsch, David"]
[Result "1-0"]
[WhiteElo "2398"]
[BlackElo "2407"]
[PlyCount "107"]
[EventDate "2000.01.14"]
[EventType "team"]
[EventRounds "11"]
[EventCountry "ISR"]
[SourceTitle "CBM 077"]
[Source "ChessBase"]
[SourceDate "2000.07.27"]
[SourceVersion "1"]
[SourceVersionDate "2000.07.27"]
[SourceQuality "1"]
[WhiteTeam "Maccabi Afek"]
[BlackTeam "Netanya"]
[WhiteTeamCountry "ISR"]
[BlackTeamCountry "ISR"]

1. Nf3 d5 2. d4 Bf5 3. e3 e6 4. Bd3 Bxd3 5. Qxd3 Nd7 6. 0-0 f5 7. c4 c6 8. cxd5 cxd5 9. Qb5 Rb8 10. Bd2 a6 11. Qa4 Ngf6 12. Rc1 Bd6 13. Bb4 Qe7 14. Bxd6 Qxd6 15. Nbd2 Ke7 16. Rc2 Rhc8 17. Rac1 Rxc2 18. Rxc2 h6 19. Qa5 g5 20. Rc1 g4 21. Ne1 Ne4 22. Rc2 Nxd2 23. Qxd2 Nb6 24. Nd3 Rc8 25. Rc5 Rb8 26. b3 Nd7 27. Rc2 Ke8 28. Qa5 Nb6 29. Qd2 Qa3 30. Nc5 Kf7 31. e4 dxe4 32. Qxh6 Re8 33. Qh7+ Kf8 34. Qh6+ Kf7 35. Qh7+ Kf8 36. Qxb7 Qb4 37. Rc1 Re7 38. Qxa6 Kf7 39. Rd1 Nd5 40. Qc4 Qa5 41. Qa4 Qc3 42. Qc4 Qa5 43. a4 e3 44. b4 exf2+ 45. Kxf2 Qc7 46. g3 Kg8 47. Re1 f4 48. Qd3 fxg3+ 49. hxg3 Rf7+ 50. Kg2 Rf5 51. Qe4 Qh7 52. Qxe6+ Kf8 53. Qe8+ Kg7 54. Qd7+ 1-0

[Event "ISR-chT"]
[Site "Ramat Aviv"]
[Date "2000.04.28"]
[Round "9.3"]
[White "Bruk, Ofer"]
[Black "Tsesarsky, Ilya"]
[Result "1/2-1/2"]
[WhiteElo "2398"]
[BlackElo "2458"]
[PlyCount "110"]
[EventDate "2000.01.14"]
[EventType "team"]
[EventRounds "11"]
[EventCountry "ISR"]
[SourceTitle "CBM 077"]
[Source "ChessBase"]
[SourceDate "2000.07.27"]
[SourceVersion "1"]
[SourceVersionDate "2000.07.27"]
[SourceQuality "1"]
[WhiteTeam "Maccabi Afek"]
[BlackTeam "Jerusalem Elitzur"]
[WhiteTeamCountry "ISR"]
[BlackTeamCountry "ISR"]

1. Nf3 Nf6 2. c4 b6 3. g3 Bb7 4. Bg2 c5 5. 0-0 g6 6. b3 Bg7 7. Bb2 0-0 8. Nc3 d6 9. d4 cxd4 10. Qxd4 Nbd7 11. Rac1 a6 12. Nd5 b5 13. Nxf6+ Bxf6 14. Qd2 Bxb2 15. Qxb2 Qb6 16. Qd4 Rfc8 17. Bh3 f5 18. Qh4 Nf6 19. Qg5 Kf7 20. Bg2 bxc4 21. bxc4 Rab8 22. Rb1 Qc7 23. Qh4 Bxf3 24. Rxb8 Qxb8 25. Bxf3 Qb4 26. Rc1 d5 27. Qd4 Qc5 28. e3 a5 29. Be2 Ne4 30. Rc2 Qxd4 31. exd4 dxc4 32. Rxc4 Rxc4 33. Bxc4+ Kf6 34. f4 Nd2 35. Be2 g5 36. Kf2 g4 37. Ke3 Ne4 38. a3 h5 39. d5 h4 40. gxh4 Kg6 41. Bd3 Nd6 42. Kd4 Kh5 43. Ke5 Kxh4 44. Bxf5 Kh3 45. Ke6 a4 46. Bxg4+ Kxg4 47. Kxe7 Nf5+ 48. Ke6 Nd4+ 49. Ke5 Nf3+ 50. Ke4 Nd2+ 51. Kd3 Nb3 52. Kc4 Kxf4 53. d6 Na5+ 54. Kb5 Nb7 55. d7 Kg4 1/2-1/2

[Event "ISR-chT"]
[Site "Ramat Aviv"]
[Date "2000.03.17"]
[Round "6.3"]
[White "Bruk, Ofer"]
[Black "Gofshtein, Leonid D"]
[Result "1/2-1/2"]
[WhiteElo "2398"]
[BlackElo "2580"]
[PlyCount "42"]
[EventDate "2000.01.14"]
[EventType "team"]
[EventRounds "11"]
[EventCountry "ISR"]
[SourceTitle "CBM 077"]
[Source "ChessBase"]
[SourceDate "2000.07.27"]
[SourceVersion "1"]
[SourceVersionDate "2000.07.27"]
[SourceQuality "1"]
[WhiteTeam "Maccabi Afek"]
[BlackTeam "Tel Aviv Ironi"]
[WhiteTeamCountry "ISR"]
[BlackTeamCountry "ISR"]

1. Nf3 c5 2. c4 Nc6 3. Nc3 g6 4. e3 Bg7 5. d4 Nf6 6. d5 Na5 7. Bd3 d6 8. h3 0-0 9. 0-0 e5 10. e4 Nh5 11. Re1 Bd7 12. a3 b6 13. b4 Nb7 14. Ra2 h6 15. Bd2 Re8 16. Bc2 Nf4 17. Ne2 Nxe2+ 18. Rxe2 f5 19. Ba4 Rf8 20. Bc6 Qc7 21. Nh4 Rf6 1/2-1/2

[Event "ISR-chT"]
[Site "Israel"]
[Date "1999.04.09"]
[Round "7"]
[White "Zoler, Dan"]
[Black "Bruk, Ofer"]
[Result "1/2-1/2"]
[WhiteElo "2524"]
[BlackElo "2395"]
[PlyCount "45"]
[EventDate "1999.01.??"]
[EventType "team"]
[EventRounds "11"]
[EventCountry "ISR"]
[SourceTitle "EXT 2000"]
[Source "ChessBase"]
[SourceDate "1999.11.16"]
[SourceVersion "1"]
[SourceVersionDate "1999.11.16"]
[SourceQuality "1"]

1. d4 Nf6 2. c4 e6 3. Nf3 d5 4. Nc3 Be7 5. Bf4 0-0 6. e3 c5 7. dxc5 dxc4 8. Bxc4 Qxd1+ 9. Rxd1 Bxc5 10. Nb5 Nc6 11. Nc7 Rb8 12. Nb5 Ra8 13. Ke2 a6 14. Nd6 Rd8 15. Nxc8 Raxc8 16. Rxd8+ Rxd8 17. Rc1 Nd7 18. Ng5 Be7 19. Ne4 Rc8 20. Rd1 Nb6 21. Bb3 Na5 22. Nd6 Rc6 23. Ne4 1/2-1/2

[Event "ISR-chT"]
[Site "Israel"]
[Date "1999.03.26"]
[Round "5"]
[White "Bruk, Ofer"]
[Black "Finkel, Alexander"]
[Result "1/2-1/2"]
[WhiteElo "2395"]
[BlackElo "2456"]
[PlyCount "57"]
[EventDate "1999.01.??"]
[EventType "team"]
[EventRounds "11"]
[EventCountry "ISR"]
[SourceTitle "EXT 2000"]
[Source "ChessBase"]
[SourceDate "1999.11.16"]
[SourceVersion "1"]
[SourceVersionDate "1999.11.16"]
[SourceQuality "1"]

1. Nf3 g6 2. c4 Bg7 3. e4 e5 4. d4 exd4 5. Nxd4 Nf6 6. Nc3 0-0 7. Be2 Re8 8. f3 c6 9. 0-0 d5 10. exd5 cxd5 11. Kh1 Nc6 12. Nxc6 bxc6 13. cxd5 Nxd5 14. Nxd5 Qxd5 15. Qxd5 cxd5 16. Bb5 Re6 17. Rd1 Rb8 18. Bc4 Bxb2 19. Bxb2 Rxb2 20. Rxd5 Rc6 21. Bb3 Be6 22. Ra5 a6 23. h3 Kg7 24. Ra3 h5 25. Re1 Bxb3 26. axb3 Rcc2 27. Rg1 Ra2 28. Rxa2 Rxa2 29. b4 1/2-1/2

[Event "ISR-chT"]
[Site "Israel"]
[Date "1999.01.08"]
[Round "1"]
[White "Kaspi, Alexander"]
[Black "Bruk, Ofer"]
[Result "0-1"]
[WhiteElo "2510"]
[BlackElo "2395"]
[PlyCount "60"]
[EventDate "1999.01.??"]
[EventType "team"]
[EventRounds "11"]
[EventCountry "ISR"]
[SourceTitle "CBM 071"]
[Source "ChessBase"]
[SourceDate "1999.08.01"]
[SourceVersion "1"]
[SourceVersionDate "1999.08.01"]
[SourceQuality "1"]

1. d4 Nf6 2. c4 e6 3. Nc3 d5 4. cxd5 exd5 5. Bg5 c6 6. e3 Bf5 7. Bd3 Bxd3 8. Qxd3 Nbd7 9. Nge2 Be7 10. 0-0 0-0 11. f3 Re8 12. Rad1 Nf8 13. Bxf6 Bxf6 14. e4 dxe4 15. fxe4 Ne6 16. e5 Be7 17. Qf5 Rf8 18. Ne4 Qb6 19. Rd3 Rad8 20. Kh1 Qxb2 21. Qg4 Qxa2 22. N2g3 Qc4 23. Rc3 Qb5 24. Rcf3 Nxd4 25. Nh5 Qxe5 26. Nef6+ Bxf6 27. Nxf6+ Kh8 28. Rh3 gxf6 29. Qh4 h5 30. Rxf6 Ne6 0-1

[Event "ISR-chT"]
[Site "Israel"]
[Date "1997.??.??"]
[Round "1"]
[White "Bruk, Ofer"]
[Black "Tsifanskaya, Ludmila A"]
[Result "1-0"]
[WhiteElo "2420"]
[BlackElo "2265"]
[PlyCount "65"]
[EventDate "1997.??.??"]
[EventType "team"]
[EventRounds "11"]
[EventCountry "ISR"]
[SourceTitle "CBM 058 Extra"]
[Source "ChessBase"]
[SourceDate "1997.07.29"]
[SourceVersion "1"]
[SourceVersionDate "1997.07.29"]
[SourceQuality "1"]

1. Nf3 Nf6 2. c4 g6 3. Nc3 Bg7 4. e4 d6 5. d4 0-0 6. Be2 Na6 7. e5 dxe5 8. Nxe5 c5 9. Be3 cxd4 10. Bxd4 Nd7 11. Nxd7 Qxd7 12. Bxg7 Qxd1+ 13. Rxd1 Kxg7 14. f4 e5 15. fxe5 Re8 16. Kf2 Rxe5 17. Bf3 Nb4 18. Rd8 Nc6 19. Bxc6 bxc6 20. Re1 Rxe1 21. Kxe1 Kf6 22. Re8 c5 23. Ne4+ Kg7 24. Nxc5 Bb7 25. Re2 Bc6 26. g3 a5 27. b3 h5 28. Re7 Kf6 29. Rc7 Bf3 30. Kf2 Bg4 31. Ne4+ Ke5 32. Ke3 Be6 33. Rc5+ 1-0

[Event "ISR-ch"]
[Site "Jerusalem"]
[Date "1996.??.??"]
[Round "2"]
[White "Bruk, Ofer"]
[Black "Finkel, Alexander"]
[Result "1/2-1/2"]
[WhiteElo "2420"]
[BlackElo "2505"]
[PlyCount "50"]
[EventDate "1996.10.26"]
[EventType "swiss"]
[EventRounds "9"]
[EventCountry "ISR"]
[SourceTitle "CBM 056"]
[Source "ChessBase"]
[SourceDate "1997.02.01"]
[SourceVersion "1"]
[SourceVersionDate "1997.02.01"]
[SourceQuality "1"]

1. Nf3 Nf6 2. c4 Nc6 3. d4 e6 4. g3 Bb4+ 5. Bd2 Qe7 6. Nc3 0-0 7. Bg2 Bxc3 8. Bxc3 Ne4 9. Qc2 Nxc3 10. Qxc3 d6 11. d5 Nd8 12. dxe6 fxe6 13. 0-0 a5 14. Nd4 e5 15. Nc2 Nc6 16. Rae1 Be6 17. Ne3 Qd7 18. Nd5 Rf7 19. f4 Raf8 20. Rf2 b6 21. b3 Bh3 22. Bh1 Kh8 23. e3 Nd8 24. Ree2 Qe8 25. a3 Nc6 1/2-1/2

[Event "ISR-ch"]
[Site "Jerusalem"]
[Date "1996.??.??"]
[Round "4"]
[White "Bruk, Ofer"]
[Black "Yudasin, Leonid"]
[Result "0-1"]
[WhiteElo "2420"]
[BlackElo "2595"]
[PlyCount "88"]
[EventDate "1996.10.26"]
[EventType "swiss"]
[EventRounds "9"]
[EventCountry "ISR"]
[SourceTitle "CBM 056"]
[Source "ChessBase"]
[SourceDate "1997.02.01"]
[SourceVersion "1"]
[SourceVersionDate "1997.02.01"]
[SourceQuality "1"]

1. Nf3 b6 2. g3 c5 3. Bg2 Bb7 4. 0-0 g6 5. d4 Nf6 6. c4 cxd4 7. Qxd4 Bg7 8. Nc3 d6 9. b3 Nbd7 10. Bb2 Rc8 11. Rac1 0-0 12. Rfd1 a6 13. Qe3 Re8 14. Ba1 Rc7 15. Nd4 Bxg2 16. Kxg2 Rc5 17. Qf3 Qc8 18. Na4 Rc7 19. Nc3 Bh6 20. e3 Rc5 21. Qe2 d5 22. cxd5 Nxd5 23. Qd3 Qb7 24. Nf3 N5f6 25. Qe2 Rf5 26. e4 Rc5 27. Rb1 Rec8 28. Rd3 b5 29. a3 e6 30. Rbd1 Bf8 31. Kg1 R5c7 32. b4 Ng4 33. Nb1 Be7 34. h3 Ngf6 35. Nc3 Nb6 36. Nd2 h5 37. h4 Ng4 38. f4 Nc4 39. Nxc4 Rxc4 40. Bb2 a5 41. bxa5 Qa7+ 42. Kg2 Qxa5 43. Qd2 Bf6 44. Nd5 Qxd2+ 0-1

[Event "ISR-chT"]
[Site "Israel"]
[Date "1996.??.??"]
[Round "1"]
[White "Oratovsky, Michael"]
[Black "Bruk, Ofer"]
[Result "1/2-1/2"]
[WhiteElo "2485"]
[BlackElo "2430"]
[PlyCount "38"]
[EventDate "1996.??.??"]
[EventType "team"]
[EventRounds "11"]
[EventCountry "ISR"]
[SourceTitle "CBM 052 Extra"]
[Source "ChessBase"]
[SourceDate "1996.07.01"]
[SourceVersion "1"]
[SourceVersionDate "1996.07.01"]
[SourceQuality "1"]

1. e4 e6 2. d3 c5 3. g3 Nc6 4. Bg2 g6 5. Nf3 Bg7 6. 0-0 Nge7 7. Re1 0-0 8. c3 d6 9. d4 cxd4 10. cxd4 Qb6 11. d5 Nd4 12. Nc3 exd5 13. exd5 Nxf3+ 14. Qxf3 Nf5 15. Ne4 Nd4 16. Qd3 Bf5 17. Be3 Qxb2 18. Rad1 Nc2 19. Re2 Rac8 1/2-1/2

[Event "ISR-ch"]
[Site "Jerusalem"]
[Date "1996.??.??"]
[Round "3"]
[White "Zilberman, Yaacov"]
[Black "Bruk, Ofer"]
[Result "1/2-1/2"]
[WhiteElo "2525"]
[BlackElo "2420"]
[PlyCount "66"]
[EventDate "1996.10.26"]
[EventType "swiss"]
[EventRounds "9"]
[EventCountry "ISR"]
[SourceTitle "CBM 056"]
[Source "ChessBase"]
[SourceDate "1997.02.01"]
[SourceVersion "1"]
[SourceVersionDate "1997.02.01"]
[SourceQuality "1"]

1. d4 e6 2. c4 Nf6 3. Nc3 d5 4. cxd5 exd5 5. Bg5 c6 6. e3 Bf5 7. Qf3 Bg6 8. Bxf6 Qxf6 9. Qxf6 gxf6 10. Nf3 Nd7 11. Kd2 Nb6 12. b3 a5 13. Bd3 Bb4 14. a3 Bxc3+ 15. Kxc3 a4 16. b4 Bxd3 17. Kxd3 Nc4 18. Nd2 b5 19. Nxc4 dxc4+ 20. Ke4 Rd8 21. g4 Ke7 22. h4 Rhg8 23. Kf4 Rd5 24. Rhg1 Ke6 25. Rad1 Rgd8 26. f3 f5 27. g5 Rg8 28. e4 fxe4 29. fxe4 Rdd8 30. Ke3 f6 31. Rdf1 Rdf8 32. Rf5 fxg5 33. Re5+ Kd7 1/2-1/2

[Event "ISR-ch"]
[Site "Tel Aviv"]
[Date "1994.??.??"]
[Round "7"]
[White "Bruk, Ofer"]
[Black "Shachar, Ehud"]
[Result "1-0"]
[WhiteElo "2435"]
[BlackElo "2335"]
[PlyCount "83"]
[EventDate "1994.10.??"]
[EventType "swiss"]
[EventRounds "11"]
[EventCountry "ISR"]
[SourceTitle "EXT 1997"]
[Source "ChessBase"]
[SourceDate "1996.11.15"]
[SourceVersion "1"]
[SourceVersionDate "1996.11.15"]
[SourceQuality "1"]

1. e4 e6 2. d4 d5 3. exd5 exd5 4. Nf3 Bg4 5. c4 Bb4+ 6. Nc3 Nf6 7. Be2 0-0 8. 0-0 dxc4 9. Bxc4 Nc6 10. Be3 Bd6 11. h3 Bh5 12. Re1 Qd7 13. Rc1 Rad8 14. Be2 Rfe8 15. Qb3 Qf5 16. Qxb7 Bxf3 17. Bxf3 Nb4 18. Bd2 Nd3 19. Rxe8+ Rxe8 20. Rf1 Nf4 21. Re1 Rxe1+ 22. Bxe1 g6 23. Ne4 Nxe4 24. Qxe4 Qg5 25. d5 Nxh3+ 26. Kf1 Nf4 27. Bc3 f6 28. g3 Nh5 29. Qd4 Kg7 30. Qxa7 Qf5 31. Qe3 Bc5 32. Qe4 Qh3+ 33. Bg2 Qh2 34. Bd4 Bd6 35. Qh4 Bxg3 36. Qxh2 Bxh2 37. a4 Nf4 38. a5 c5 39. a6 cxd4 40. a7 d3 41. a8Q d2 42. Bf3 1-0

[Event "ISR-ch"]
[Site "Tel Aviv"]
[Date "1994.??.??"]
[Round "1"]
[White "Bruk, Ofer"]
[Black "Yudasin, Leonid"]
[Result "1/2-1/2"]
[WhiteElo "2435"]
[BlackElo "2625"]
[PlyCount "81"]
[EventDate "1994.10.??"]
[EventType "swiss"]
[EventRounds "11"]
[EventCountry "ISR"]
[SourceTitle "EXT 1997"]
[Source "ChessBase"]
[SourceDate "1996.11.15"]
[SourceVersion "1"]
[SourceVersionDate "1996.11.15"]
[SourceQuality "1"]

1. Nf3 Nf6 2. c4 b6 3. g3 Bb7 4. Bg2 g6 5. b3 Bg7 6. Bb2 0-0 7. 0-0 e6 8. d4 Na6 9. e3 d5 10. Qe2 c5 11. Rd1 Qe7 12. Nc3 Rfd8 13. Rac1 dxc4 14. Qxc4 Rac8 15. Qe2 Nb4 16. a4 cxd4 17. Nxd4 Bxg2 18. Kxg2 e5 19. Nc2 Nc6 20. Qb5 Qb7 21. Kg1 h5 22. h4 a6 23. Rxd8+ Nxd8 24. Qe2 Ne6 25. Rd1 g5 26. Nb4 gxh4 27. gxh4 Nc5 28. Nbd5 Rc6 29. Qf3 Nxd5 30. Rxd5 Qc8 31. Ne2 Rg6+ 32. Ng3 e4 33. Qe2 Bxb2 34. Qxb2 Nd3 35. Qd4 Rxg3+ 36. fxg3 Qc1+ 37. Kg2 Qc2+ 38. Kh3 Nf2+ 39. Kg2 Nd3+ 40. Kh3 Nf2+ 41. Kg2 1/2-1/2

[Event "ISR-ch"]
[Site "Tel Aviv"]
[Date "1994.??.??"]
[Round "6"]
[White "Manor, Ilan"]
[Black "Bruk, Ofer"]
[Result "1-0"]
[WhiteElo "2485"]
[BlackElo "2435"]
[PlyCount "62"]
[EventDate "1994.10.??"]
[EventType "swiss"]
[EventRounds "11"]
[EventCountry "ISR"]
[SourceTitle "EXT 1997"]
[Source "ChessBase"]
[SourceDate "1996.11.15"]
[SourceVersion "1"]
[SourceVersionDate "1996.11.15"]
[SourceQuality "1"]

1. c4 e6 2. Nf3 Nf6 3. d4 d5 4. g3 Be7 5. Bg2 0-0 6. 0-0 dxc4 7. Ne5 c5 8. dxc5 Qc7 9. Nxc4 Qxc5 10. Qb3 Nc6 11. Be3 Qh5 12. Nc3 Ng4 13. h3 Nxe3 14. Nxe3 Bc5 15. Nc4 a6 16. e3 Ba7 17. Nd6 Rb8 18. Rfd1 Qe5 19. Nce4 Na5 20. Qa3 Nc6 21. Rac1 Rd8 22. Kh2 Bd7 23. Nxb7 Rxb7 24. Rxc6 Rf8 25. Rxa6 Qb8 26. Rad6 Be8 27. Ng5 Rxb2 28. Rd8 Qe5 29. Rxe8 Rxe8 30. Qe7 Rbb8 31. Qxf7+ Kh8 1-0

[Event "Maccabiah op"]
[Site "Netanya"]
[Date "1993.??.??"]
[Round "6"]
[White "Bruk, Ofer"]
[Black "Bursztyn, Alexander"]
[Result "1-0"]
[WhiteElo "2440"]
[BlackElo "2260"]
[PlyCount "63"]
[EventDate "1993.??.??"]
[EventType "swiss"]
[EventRounds "9"]
[EventCountry "ISR"]
[SourceTitle "EXT 1998"]
[Source "ChessBase"]
[SourceDate "1997.11.17"]
[SourceVersion "1"]
[SourceVersionDate "1997.11.17"]
[SourceQuality "1"]

1. Nf3 Nf6 2. c4 c5 3. Nc3 b6 4. g3 Bb7 5. Bg2 e6 6. 0-0 Be7 7. d4 cxd4 8. Qxd4 d6 9. Bg5 a6 10. Bxf6 Bxf6 11. Qf4 Qc7 12. Rfd1 Be7 13. Ng5 0-0 14. Bxb7 Qxb7 15. Nge4 b5 16. Nxd6 Bxd6 17. Rxd6 bxc4 18. Qxc4 Qxb2 19. Rad1 Qb7 20. Qc5 Qe7 21. Qb6 a5 22. Rd8 Na6 23. Rxa8 Rxa8 24. Qxa5 h6 25. Nb5 Qb4 26. Rd8+ Rxd8 27. Qxd8+ Kh7 28. Qd3+ Kg8 29. Nd6 Qa4 30. Nc8 Qa5 31. Ne7+ Kf8 32. Nc6 1-0